1534 1733 1345 1262 1279 1960 1131 1116 1458 1586 1044 1371 1996 1636 1854 1500 1233 1029 1279 1943 1636 1130 1550 1748 1695 1293 1138 1501 1151 1402 1458 1392 1136 1268 1713 1974 1112 1115 1350 1669 1196 1784 1627 1468 1421 1783 1773 1570 1595 1324 1049 1655 1402 1824 1633 1797 1456 1163 1865 1862 1501 1164 1818 1182 1573 1720 1806 1784 1145 1961 1100 1608 1338 1639 1401 1488 1144 1175 1387 1374 1865 1582 1470 1880 1973 1394 1597 1630 1772 1137 1769 1074 1279 1876 1607 1627 1344 1143 1574 BCNSPRNW ULIB Ver.6.0+V

เปลี่ยนเป็นภาษาไทย

Change to English
 แสดงรายละเอียดบรรณานุกรม
  กลับหน้าหลัก

Brief Record : Get Marc (ISO 2709) : E-mail record : QR code < ปิดหน้าต่าง
LEADER : 00000nam 2200000uu 4500
001    13399111602
003     ULIB
008    110627s||||||||th 000 0 tha d
020    9786115210091
090    นว.^bม289ค 2552
100 0  มักเน
245 00 คำสั่งรัก/^cมักเน
250    พิมพ์ครั้งที่ 1
260    กรุงเทพฯ :^bมธุรดา,^c2552
300    220 หน้า
945    ^p159^l0^i026020
995    ทศพร
999 ^a ใช้งานได้ทุกระบบ
รายการนี้ยังไม่มีแท็ก
คุณยังไม่ได้ล็อกอิน คุณสามารถมีกิจกรรมร่วมกับเว็บไซต์ได้ แต่ต้องล็อกอินก่อน ::
  ล็อกอิน

รายการสื่อสารสนเทศ

ลำดับที่ ประเภท เลขเรียก/บาร์โค้ด สถานที่ สถานะ
- ไม่พบข้อมูล -

รายการใกล้เคียง
    ผู้แต่ง [มักเน]

BibComment


ยังไม่เคยถูกคอมเมนท์

คอมเมนท์ทรัพยากรรายการนี้
  คอมเมนท์: คำสั่งรัก มักเน


 Copyright 2026. Bcnsprnw @Library